| 000 | 01145cam a2200277 a 4500 | ||
|---|---|---|---|
| 999 |
_c2269 _d2269 |
||
| 001 | (Sirsi) a631907 | ||
| 003 | OSt | ||
| 005 | 20230410083042.0 | ||
| 008 | 100721s2009 enka a 000 1 eng d | ||
| 020 | _a9781409300618 (pbk.) : | ||
| 040 |
_aCHA _beng _cTAE _dKH8 |
||
| 042 | _anbic | ||
| 082 | 0 | _a823.914 ADA | |
| 100 | 1 |
_aAdamson, Jean, _d1928- _eauthor |
|
| 245 | 1 | 0 |
_aTopsy and Tim have a birthday party / _cby Jean and Gareth Adamson ; illustrations by Belinda Worsley. |
| 246 | 3 | 0 | _aTopsy & Tim have a birthday party. |
| 260 |
_aLondon : _bLadybird, _c[2009] |
||
| 300 |
_a[30] p. : _bcol. ill. ; _c21 cm. |
||
| 520 | _aTopsy and Tim are always finding fun adventures in the real world. It's Topsy and Tim's birthday and that means a party. They hang the decorations, open their presents and share the fun with their friends. | ||
| 521 | 1 | _a0-5. | |
| 650 | 0 |
_aTopsy (Fictitious character : Adamson) _vPictorial works _vJuvenile fiction. |
|
| 650 | 0 |
_aTim (Fictitious character : Adamson) _vPictorial works _vJuvenile fiction. |
|
| 700 | 1 |
_aAdamson, Gareth. _eauthor |
|
| 700 | 1 |
_aWorsley, Belinda. _eillustrator |
|
| 942 |
_2ddc _cNFIC |
||